[Event "AUT North-ch"]
[Site "Linz"]
[Date "2001.04.08"]
[Round "3"]
[White "Schoepf, Andreas"]
[Black "Stummer, Juergen"]
[Result "1-0"]
[WhiteElo "2208"]
[BlackElo "1859"]
[PlyCount "55"]
[EventDate "2001.04.06"]
[EventType "swiss"]
[EventRounds "9"]
[EventCountry "AUT"]
[SourceTitle "EXT 2006"]
[Source "ChessBase"]
[SourceDate "2005.11.24"]
[SourceVersion "1"]
[SourceVersionDate "2005.11.24"]
[SourceQuality "1"]

1. e4 d6 2. d4 Nf6 3. Nc3 Nc6 4. f3 e6 5. Be3 Be7 6. Qd2 d5 7. e5 Nd7 8. f4 Nb6 9. Nf3 a6 10. a3 Bd7 11. h4 a5 12. b3 h5 13. Bd3 g6 14. Nb5 a4 15. b4 Kf8 16. Ke2 Na7 17. Nxa7 Rxa7 18. Rh3 Qe8 19. Qc3 Na8 20. Ng5 Bb5 21. f5 Bxd3+ 22. cxd3 gxf5 23. Rg3 Ra6 24. Qd2 Bxg5 25. Bxg5 Rg8 26. Bf6 Rg6 27. Rxg6 fxg6 28. Qh6+ 1-0